Normal view
MARC view
- JOHN D. ANDERSON, JR.
Entry Personal Name
001 - CONTROL NUMBER
- control field: 1692
003 - CONTROL NUMBER IDENTIFIER
- control field: NUST
005 - DATE AND TIME OF LATEST TRANSACTION
- control field: 20170531112947.0
008 - FIXED-LENGTH DATA ELEMENTS
- fixed length control field: 170531|| aca||aabn | a|a d
040 ## - CATALOGING SOURCE
- Original cataloging agency: NUST
- Transcribing agency: NUST
100 ## - HEADING--PERSONAL NAME
- Personal name: JOHN D. ANDERSON, JR.
670 ## - SOURCE DATA FOUND
- Source citation: Work cat.: (NUST)23229: JOHN D. ANDERSON, JR., COMPUTATIONAL FLUID DYNAMICS THE BASICS WITH APPLICATIONS, c1995
